| 000 | 01077nam a22002771 4500 | ||
|---|---|---|---|
| 001 | 160438 | ||
| 003 | ES-MaACL | ||
| 005 | 20250818101702.0 | ||
| 008 | 040927q18581860fr acf |||| |dfre d | ||
| 022 | _a9967-5757 | ||
| 040 |
_aCAM _bspa _cCAM |
||
| 245 | 0 | 3 |
_aLe Musée français _b: [Galerie de portraits dessinés et gravés d'après les meilleures photographies]. |
| 246 | 3 | _aLe Journal amusant | |
| 260 |
_aParis : _b[Le Musée français], _c[1858]-[1860] ( _fTyp. Henri Plon) |
||
| 300 |
_a1 v. , 92 h. de lám. ; _c21 cm. |
||
| 580 | _aEs suplemento de: Le Journal amusant. | ||
| 594 | _aSubtít. tomado de principio de texto. | ||
| 594 | _aEdouard Blot ejerce ca. 1860-1880. | ||
| 595 | _aA pie de p. consta : "Supplement du Journal amusant" | ||
| 599 | _aLas h. de lám. lit. son retratos. | ||
| 599 | _aCada lám. va acompañada de 1 ó 2 h. de texto, con la biografía del personaje. | ||
| 650 | 4 |
_aCelebridades- _xBiografías. _9143758 |
|
| 650 | 0 | 7 |
_aRetratos _2embne _916889 |
| 852 |
_aES-MaACL _jG-8635 _z-- Enc. hol. |
||
| 999 |
_c160438 _d160438 |
||